عرض عادي
عرض مارك
- Pedrotti, Leno S.,
مدخل إسم شخص
001 - رقم الضبط
- حقل الضبط: 50097
003 - معرف رقم الضبط
- حقل الضبط: OSt
005 - تاريخ ووقت أخر عملية
- حقل الضبط: 20150730013040.0
008 - عناصر بيانات ثابتة الطول
- حقل تحكم ثابت الطول: 150730|| aca||aabn | a|a d
040 ## - مصدر الفهرسة
- هيئة الفهرسة الأصلية: OSt
- وكالة الكتابة: OSt
100 ## - مدخل -- أسم شخص
- إسم شخص: Pedrotti, Leno S.,
- تواريخ مرتبطة بالاسم: 1927-
670 ## - بيانات المصدر موجوده
- الاستشهاد بالمصدر: Work cat.: (OSt)0: Pedrotti, Frank L., 1932- 50094, Introduction to optics., 2014.
